000 00723nam a2200265Ia 4500
003 OSt
005 20221006152617.0
006 a|||||r|||| 00| 0
007 ta
008 221006b |||||||| |||| 00| 0 chi d
020 _a9787505946620
_c26.00yuan
024 _a29,047
037 _bGift, PRC
_cTextual
040 _aEASL
_cEASL
_bchi
041 _2chi
_achi
082 _aO41,2, P4
100 _aJIE Mu Zu Ed.
_9661162
245 0 _aFu qi ju chang
_b Ming ren qing gan shi lu
260 _aBeijing
_bZhongguo Wenlian Chubanshe
_c2004
300 _a415p.
_ccm.
490 _v CL
650 _aCL
_9642733
942 _hO41,2, P4
_cTEXL
_2CC
999 _c1097133
_d1097133